01060nam a2200241Ia 4500003000900000008004100009020001800050040001600068080002400084111007400108245031200182260003700494300001400531490006500545650004100610650001600651650002400667650001500691700002900706700002600735700002300761710003400784IN-BaIIA211028s9999 xx 000 0 eng d a0-7923-1278-3 cIIA Library a524.352(082.2)bCOS aNATO Advanced Study Institute ConferencecItalyd1990 July 26- Aug. 5 0aCosmic rays, supernovae and the interstellar mediumbproceedings of the NATO Advanced Study Institute on Cosmic Rays, Supernovae, and the Interstellar Medium, Erice, Italy, July 26-August 5, 1990cedited by Maurice M. Shapiro, Rein Silberberg and John P. Wefel  aDordrechtbKluwer Academicc1991 aix, 350p. aNATO ASI series. Series C : mathematical and physical scienc aAstronomy and astrophysics thesaurus aCosmic rays aInterstellar medium aSupernovae aShapiro, Maurice M., ed. aSilberberg, Rein, ed. aWefel, John P., ed aNATO Advanced Study Institute